00000000nam##2200000za#4500
0019.542704
003CaOODSP
00520210615090216
007ta
008150406|2005||||xxc|||||     f|0| 0 eng|d
022 |a0706-6457
040 |aCaOODSP|beng
041 |aeng
041 |afre
043 |an-cn---
0861 |aFs97-6/2617
1101 |aCanada. |bDepartment of Fisheries and Oceans.
24510|aProceedings of the 32nd Annual Aquatic Toxicity Workshop : |bOctober 3 to 5, 2005, Waterloo, Ontario / |cEditors: D.G. Dixon, S. Munro and A.J. Niimi.
260 |aWaterloo - Ontario : |bFisheries and Oceans Canada |c2005.
300 |axvii, 120p. : |breferences ; |c28 cm.
4901 |aCanadian technical report of fisheries and aquatic sciences|x0706-6457|v2617
500 |a"This Workshop was one of a continuing series of annual Workshops in Canada on aquatic and environmental toxicology, ... These Workshops are administered by a Board of Directors, and organized by local organizing committees. The Proceedings are published with the support of the Department of Fisheries and Oceans."--Page iii.
5203 |aThis report is part of a series containing scientific and technical information that widens existing scientific knowledge but is not considered appropriate for publication in the primary literature. The research covers such subjects as ecosystem models, methods for enhancing aquaculture, commercial fishing equipment, and environmental threats to aquatic quality and fisheries resources. Includes tables, graphs, and charts.
546 |aPreliminary pages in English and French; Articles in their original language.
563 |aSpiral binding
590 |a06-02|b2006-01-13
7201 |aNiimi, A. J.
7201 |aDixon, D. G.
7201 |aMunro, S.
7760#|tComptes rendus du 32ième atelier annuel sur la toxicité aquatique : |w(CaOODSP)9.589956
792 |tComptes rendus du 32ième atelier annuel sur la toxicité aquatique : |efre|w(CaOODSP)9.542705
830#0|aCanadian technical report of fisheries and aquatic sciences,|x0706-6457|v2617|w(CaOODSP)9.514690